| 000 | 00596cab a2200229 4500 | ||
|---|---|---|---|
| 001 | ABS60332 | ||
| 008 | 090401t1999 xxu||||| |||| 00| 0 eng d | ||
| 035 | _a(Sirsi) u92508 | ||
| 041 | _aeng | ||
| 245 | _aSurrey CC v Lamond | ||
| 260 | _c1999 | ||
| 350 | _a0 | ||
| 490 |
_aEstates Gazette _v(9912) 27 March 1999, 170-173(4) |
||
| 650 | _aEMPLOYEES DUTIES | ||
| 650 | _aHOUSING ACT 1985 | ||
| 650 | _aSECURE TENANCY | ||
| 650 | _aSERVICE TENANCY | ||
| 650 | _aSURREY CC V LAMOND | ||
| 690 | _aLANDLORD AND TENANT-CASE LAW-RESIDENTIAL TENANCIES | ||
| 942 | _n0 | ||
| 948 | _c01/04/1999 | ||
| 999 |
_c58640 _d58640 |
||